00331pab a2200121 454500008004000000100001800040245008800058260000900146300000900155362000800164650002300172773001400195180718b1983 xxu||||| |||| 00| 0 eng d aDwivedi, R.S. aA comparative study of managerial style, Leadership and trust among Indian Managers c1983 a7-17 aMay aExecutives - India aLok Udyog